[Event "Stockerau-Open 2010 A-Turnier"]
[Site "Stockerau"]
[Date "2010.05.14"]
[Round "3"]
[White "Zetthofer, Gerald"]
[Black "Sadilek, Maximilian"]
[Result "1-0"]
[WhiteElo "2249"]
[BlackElo "2207"]
[PlyCount "83"]
[EventDate "2010.05.13"]
[EventType "swiss"]
[EventCountry "AUT"]

1. c4 e6 2. Nc3 b6 3. d4 Bb7 4. Nf3 f5 5. Qc2 Nf6 6. e3 Bb4 7. Bd3 O-O 8. O-O
Qe8 9. Nb5 Na6 10. a3 Be7 11. b4 Qh5 12. Be2 g5 13. c5 Ne4 14. Ne5 Qe8 15. f3
Nf6 16. Bc4 Kh8 17. Bb2 d6 18. c6 Bc8 19. Nd3 Qxc6 20. Rac1 Qe8 21. d5 e5 22.
f4 gxf4 23. exf4 e4 24. Nf2 Bd7 25. Nd4 b5 26. Bb3 Rc8 27. Nc6 Bxc6 28. dxc6
Rd8 29. Qe2 Qg6 30. Qxb5 Nb8 31. Rc3 a6 32. Qe2 d5 33. Rg3 Qf7 34. Rc1 Rg8 35.
Rxg8+ Rxg8 36. Nd1 h6 37. Ne3 Kh7 38. Nxf5 Bd8 39. Ne3 Qe6 40. Bxf6 Qxf6 41.
Nxd5 Qd4+ 42. Qe3 1-0

[Event "Stockerau-Open 2010 A-Turnier"]
[Site "Stockerau"]
[Date "2010.05.14"]
[Round "3"]
[White "Batyte, Daiva"]
[Black "Schwab, Rene"]
[Result "1/2-1/2"]
[WhiteElo "2124"]
[BlackElo "2219"]
[PlyCount "28"]
[EventDate "2010.05.13"]
[EventType "swiss"]
[EventCountry "AUT"]

1. c4 c6 2. Nc3 d5 3. cxd5 cxd5 4. d4 a6 5. a4 Nc6 6. Nf3 Bg4 7. e3 Nf6 8. Be2
Bh5 9. O-O Qc7 10. Bd2 e6 11. Rc1 Bd6 12. h3 Qe7 13. Nh2 Bxe2 14. Qxe2 Rc8
1/2-1/2

[Event "Stockerau-Open 2010 A-Turnier"]
[Site "Stockerau"]
[Date "2010.05.14"]
[Round "3"]
[White "Leupold, Christian"]
[Black "Wallner, Joachim"]
[Result "0-1"]
[WhiteElo "1876"]
[BlackElo "2255"]
[PlyCount "44"]
[EventDate "2010.05.13"]
[EventType "swiss"]
[EventCountry "AUT"]

1. Nf3 Nf6 2. c4 c6 3. g3 d5 4. Bg2 e6 5. b3 Nbd7 6. Bb2 Be7 7. O-O O-O 8. d4
b6 9. Nbd2 Bb7 10. Rc1 Rc8 11. e3 c5 12. Qe2 Rc7 13. Rfd1 Qa8 14. dxc5 Nxc5 15.
Nd4 Rd8 16. N2f3 dxc4 17. Rxc4 Rcd7 18. Rcc1 a5 19. Ne1 Bxg2 20. Nxg2 Bf8 21.
Nb5 Nd3 22. Rc2 Nf4 0-1

[Event "Stockerau-Open 2010 A-Turnier"]
[Site "Stockerau"]
[Date "2010.05.14"]
[Round "3"]
[White "Trkulja, Zoran"]
[Black "Loberg, Jo Kristian"]
[Result "1-0"]
[WhiteElo "2212"]
[BlackElo "1932"]
[PlyCount "39"]
[EventDate "2010.05.13"]
[EventType "swiss"]
[EventCountry "AUT"]

1. e4 c5 2. Nf3 d6 3. d4 cxd4 4. Nxd4 Nf6 5. Nc3 a6 6. f4 e5 7. Nf3 Qc7 8. Bd3
Be6 9. O-O Nbd7 10. Qe2 exf4 11. Bxf4 Ne5 12. Kh1 Be7 13. Rae1 Rc8 14. Nd5 Bxd5
15. exd5 Nxd5 16. Bxe5 dxe5 17. Nxe5 O-O 18. Qe4 Nf6 19. Rxf6 Bxf6 20. Qxh7#
1-0

[Event "Stockerau-Open 2010 A-Turnier"]
[Site "Stockerau"]
[Date "2010.05.14"]
[Round "3"]
[White "Schirmbeck, Hannes"]
[Black "Halvorsen, Harald"]
[Result "1-0"]
[WhiteElo "2176"]
[BlackElo "1830"]
[PlyCount "61"]
[EventDate "2010.05.13"]
[EventType "swiss"]
[EventCountry "AUT"]

1. e4 c5 2. Nf3 d6 3. d4 cxd4 4. Nxd4 Nf6 5. Nc3 a6 6. Bg5 e6 7. f4 Nc6 8. Qd2
h6 9. Bxf6 Qxf6 10. Nf3 Bd7 11. O-O-O Qd8 12. h4 b5 13. Bd3 Rc8 14. f5 Be7 15.
fxe6 Bxe6 16. Nd5 Bxd5 17. exd5 Ne5 18. Nxe5 dxe5 19. Bf5 Rc4 20. d6 Bxh4 21.
d7+ Kf8 22. Rxh4 Rxh4 23. Qd6+ Kg8 24. Qxe5 g6 25. Bh3 Kh7 26. Qd6 Rf8 27. Qxf8
Qxf8 28. d8=Q Qb4 29. a3 Qf4+ 30. Kb1 g5 31. Qd3+ 1-0

[Event "Stockerau-Open 2010 A-Turnier"]
[Site "Stockerau"]
[Date "2010.05.14"]
[Round "3"]
[White "Lahofer, Christian"]
[Black "Molnar, Attila"]
[Result "0-1"]
[WhiteElo "1836"]
[BlackElo "2084"]
[PlyCount "72"]
[EventDate "2010.05.13"]
[EventType "swiss"]
[EventCountry "AUT"]

1. d4 b5 2. a4 b4 3. Nf3 Nf6 4. g3 a5 5. Bg2 Bb7 6. O-O e6 7. c4 c5 8. Bg5 h6
9. Bxf6 Qxf6 10. e4 Bxe4 11. Re1 Bb7 12. d5 g6 13. dxe6 dxe6 14. Ne5 Bxg2 15.
Kxg2 Be7 16. Nd2 O-O 17. Ndf3 Rd8 18. Qe2 Ra6 19. Rad1 Rad6 20. Rxd6 Bxd6 21.
Rd1 Bc7 22. Rxd8+ Qxd8 23. Qe3 Bxe5 24. Qxe5 Nd7 25. Qd6 Qc8 26. Qf4 Qc6 27.
Kg1 e5 28. Nxe5 Nxe5 29. Qxe5 Qxa4 30. Qxc5 Qa1+ 31. Kg2 Qxb2 32. Qxa5 b3 33.
Qd8+ Kg7 34. c5 Qa1 35. c6 b2 36. Qd4+ Kh7 0-1

[Event "Stockerau-Open 2010 A-Turnier"]
[Site "Stockerau"]
[Date "2010.05.14"]
[Round "3"]
[White "Ebner, Johann"]
[Black "Andrejevski, Branko"]
[Result "1-0"]
[WhiteElo "2047"]
[BlackElo "1833"]
[PlyCount "65"]
[EventDate "2010.05.13"]
[EventType "swiss"]
[EventCountry "AUT"]

1. d4 Nf6 2. c4 e6 3. Nf3 b6 4. g3 Bb7 5. Bg2 Bb4+ 6. Bd2 Bxd2+ 7. Nbxd2 O-O 8.
O-O Na6 9. Re1 d5 10. cxd5 exd5 11. Ne5 c5 12. e3 Rb8 13. Qa4 Qe8 14. Qa3 Nb4
15. Rac1 a5 16. Nd3 Nxd3 17. Qxd3 c4 18. Qa3 Qe6 19. b3 Rfc8 20. bxc4 dxc4 21.
e4 Ba6 22. d5 Qd7 23. Bf1 a4 24. Bxc4 b5 25. Bf1 b4 26. Rxc8+ Bxc8 27. Qd3 Qc7
28. e5 Ng4 29. e6 fxe6 30. dxe6 Qb6 31. Qf3 Bxe6 32. Rxe6 Qxe6 33. Bc4 1-0

[Event "Stockerau-Open 2010 A-Turnier"]
[Site "Stockerau"]
[Date "2010.05.14"]
[Round "3"]
[White "Kirchmayr, Wilhelm"]
[Black "Amberger, Dieter"]
[Result "1/2-1/2"]
[WhiteElo "2077"]
[BlackElo "2063"]
[PlyCount "29"]
[EventDate "2010.05.13"]
[EventType "swiss"]
[EventCountry "AUT"]

1. Nf3 d5 2. g3 Nf6 3. Bg2 c6 4. b3 Bg4 5. h3 Bh5 6. Bb2 Nbd7 7. d3 e6 8. Nbd2
Qc7 9. O-O Bc5 10. Qe1 O-O 11. d4 Bd6 12. e4 dxe4 13. Nxe4 Nxe4 14. Qxe4 Nf6
15. Qe3 1/2-1/2

[Event "Stockerau-Open 2010 A-Turnier"]
[Site "Stockerau"]
[Date "2010.05.14"]
[Round "3"]
[White "Granabetter, Josef"]
[Black "Rauch, Christian"]
[Result "1/2-1/2"]
[WhiteElo "1988"]
[BlackElo "1920"]
[PlyCount "86"]
[EventDate "2010.05.13"]
[EventType "swiss"]
[EventCountry "AUT"]

1. e4 c6 2. d3 d5 3. Nd2 e5 4. Ngf3 Bd6 5. g3 Nf6 6. Bg2 O-O 7. O-O Bg4 8. h3
Bh5 9. Re1 Re8 10. Nf1 h6 11. g4 Bg6 12. Ng3 dxe4 13. dxe4 Na6 14. Nh4 Bc5 15.
Nxg6 fxg6 16. Qe2 Qe7 17. Be3 Bxe3 18. Qxe3 Kh7 19. c3 Nc5 20. Rad1 Ne6 21. Rd2
b6 22. Red1 Rad8 23. Ne2 Rxd2 24. Rxd2 Qc7 25. f3 Re7 26. h4 Rd7 27. Bh3 Rxd2
28. Qxd2 Qd8 29. Qxd8 {remis} Nxd8 30. Kf2 Nb7 31. Ke3 Nd6 32. b3 g5 33. hxg5
hxg5 34. Nc1 Nd7 35. Bf1 Kg6 36. Nd3 c5 37. a4 Kf6 38. Nb2 Ke7 39. Bc4 Nb8 40.
Bd5 Ne8 41. Kd3 Nd6 42. Nd1 Nd7 43. Ne3 Nf6 1/2-1/2

[Event "Stockerau-Open 2010 A-Turnier"]
[Site "Stockerau"]
[Date "2010.05.15"]
[Round "4"]
[White "Polak, Thomas"]
[Black "Zetthofer, Gerald"]
[Result "1-0"]
[WhiteElo "2500"]
[BlackElo "2249"]
[PlyCount "39"]
[EventDate "2010.05.13"]
[EventType "swiss"]
[EventCountry "AUT"]

1. Nf3 d5 2. c4 c6 3. e3 Nf6 4. Nc3 g6 5. d4 Bg7 6. Bd3 O-O 7. O-O Nbd7 8. cxd5
Nxd5 9. e4 Nxc3 10. bxc3 e5 11. Bg5 Qa5 12. Qb3 exd4 13. cxd4 Bxd4 14. Bd2 Qb6
15. Nxd4 Qxd4 16. Bh6 Nc5 17. Qa3 Re8 18. Bc2 Nxe4 19. Bxe4 Qxe4 20. Qc3 1-0

[Event "Stockerau-Open 2010 A-Turnier"]
[Site "Stockerau"]
[Date "2010.05.15"]
[Round "4"]
[White "Schmid, Thomas"]
[Black "Groetz, Harald"]
[Result "0-1"]
[WhiteElo "2170"]
[BlackElo "2332"]
[PlyCount "98"]
[EventDate "2010.05.13"]
[EventType "swiss"]
[EventCountry "AUT"]

1. e4 c5 2. Nf3 e6 3. b3 d6 4. Bb5+ Nd7 5. Bb2 a6 6. Be2 b6 7. O-O Bb7 8. d3
Qc7 9. Nbd2 Ngf6 10. a4 Be7 11. Re1 O-O 12. Bf1 Rfe8 13. c4 Rad8 14. d4 cxd4
15. Nxd4 Ne5 16. h3 Qb8 17. a5 bxa5 18. Bc3 Rc8 19. Rxa5 Bd8 20. Ra2 Bb6 21.
Qa1 Qc7 22. Ba5 Bxa5 23. Rxa5 Qb6 24. Ra2 Rb8 25. Qc3 Bc8 26. Rb1 Nc6 27. Nxc6
Qxc6 28. e5 dxe5 29. Qxe5 Nd7 30. Qe3 Rb4 31. Be2 Qc5 32. Ne4 Qe5 33. f4 Qb8
34. c5 Rd8 35. Rc2 Qc7 36. Rc4 Rxc4 37. Bxc4 Bb7 38. b4 Qc6 39. Qe2 Qxe4 40.
Qxe4 Bxe4 41. Rd1 Kf8 42. Bxa6 Ke7 43. Re1 Bd5 44. Rc1 Ra8 45. Bd3 Kd8 46. c6
Nb6 47. f5 Kc7 48. fxe6 Bxe6 49. g4 h6 0-1

[Event "Stockerau-Open 2010 A-Turnier"]
[Site "Stockerau"]
[Date "2010.05.15"]
[Round "4"]
[White "Wallner, Joachim"]
[Black "Batyte, Daiva"]
[Result "1-0"]
[WhiteElo "2255"]
[BlackElo "2124"]
[PlyCount "121"]
[EventDate "2010.05.13"]
[EventType "swiss"]
[EventCountry "AUT"]

1. e4 e5 2. Bc4 Nc6 3. Nf3 Nf6 4. d3 Be7 5. O-O O-O 6. Re1 d6 7. c3 Na5 8. Bb5
a6 9. Ba4 b5 10. Bc2 c5 11. Nbd2 Nc6 12. h3 Bb7 13. Nf1 Re8 14. Ng3 Bf8 15. d4
Rc8 16. d5 Ne7 17. Nh2 Ng6 18. Nf5 Rc7 19. Ng4 h6 20. Qf3 Bc8 21. Nfxh6+ Kh8
22. Bg5 Bxg4 23. hxg4 Nf4 24. Nf5 g6 25. Ne3 Be7 26. Bxf4 exf4 27. Qxf4 Kg7 28.
e5 dxe5 29. Qxe5 Bd6 30. Qg5 Ng8 31. Qxd8 Rxd8 32. g3 c4 33. Rad1 Bc5 34. Be4
Rcd7 35. Bf3 Ne7 36. Ng2 g5 37. Re2 Kf6 38. Ne3 Bxe3 39. Rxe3 Nxd5 40. Ree1 Nb6
41. Rxd7 Rxd7 42. Rd1 Rxd1+ 43. Bxd1 a5 44. Kf1 Ke5 45. Ke2 Nd7 46. a4 b4 47.
cxb4 axb4 48. Ke3 f6 49. a5 Nc5 50. f4+ Kd6 51. Kd4 c3 52. bxc3 bxc3 53. Bc2
Ne6+ 54. Ke4 gxf4 55. gxf4 Nc5+ 56. Kf5 Ke7 57. g5 fxg5 58. fxg5 Ne6 59. g6
Nd4+ 60. Ke4 Nb5 61. Kd3 1-0

[Event "Stockerau-Open 2010 A-Turnier"]
[Site "Stockerau"]
[Date "2010.05.15"]
[Round "4"]
[White "Molnar, Attila"]
[Black "Trkulja, Zoran"]
[Result "1/2-1/2"]
[WhiteElo "2084"]
[BlackElo "2212"]
[PlyCount "29"]
[EventDate "2010.05.13"]
[EventType "swiss"]
[EventCountry "AUT"]

1. e4 e6 2. Nc3 d5 3. d4 Bb4 4. exd5 exd5 5. Bd3 Nc6 6. a3 Be7 7. Nce2 Bg5 8.
Nf3 Bxc1 9. Qxc1 Qf6 10. Qf4 Qxf4 11. Nxf4 Nge7 12. h3 O-O 13. O-O-O Rd8 14. g4
a6 15. Rhe1 1/2-1/2

[Event "Stockerau-Open 2010 A-Turnier"]
[Site "Stockerau"]
[Date "2010.05.15"]
[Round "4"]
[White "Schwab, Rene"]
[Black "Schirmbeck, Hannes"]
[Result "0-1"]
[WhiteElo "2219"]
[BlackElo "2176"]
[PlyCount "84"]
[EventDate "2010.05.13"]
[EventType "swiss"]
[EventCountry "AUT"]

1. e4 e5 2. Nf3 Nc6 3. Bc4 Nf6 4. Ng5 d5 5. exd5 Na5 6. Bb5+ c6 7. dxc6 bxc6 8.
Qf3 Rb8 9. Bxc6+ Nxc6 10. Qxc6+ Nd7 11. d4 Be7 12. Ne4 Rb6 13. Qa4 O-O 14. c3
exd4 15. O-O Bb7 16. Qxd4 f5 17. Rd1 Bxe4 18. Qxd7 Rg6 19. Qxd8 Rxg2+ 20. Kf1
Bxd8 21. Be3 Rxh2 22. Nd2 {remis} Bc2 23. Kg1 Rh5 24. Re1 Rf6 25. Kg2 Ba4 26.
Kf3 a6 27. Rg1 Re6 28. Nb3 Bc6+ 29. Ke2 Bb6 30. Kd3 Rh3 31. Kc4 Bxe3 32. fxe3
Rexe3 33. Nd4 Be4 34. a4 h5 35. Rg5 Reg3 36. Rg1 h4 37. Ne6 Rxg1 38. Rxg1 Rg3
39. Rxg3 hxg3 40. Ng5 f4 41. Kd4 f3 42. Ke3 f2 0-1

[Event "Stockerau-Open 2010 A-Turnier"]
[Site "Stockerau"]
[Date "2010.05.15"]
[Round "4"]
[White "Sadilek, Maximilian"]
[Black "Ebner, Johann"]
[Result "1-0"]
[WhiteElo "2207"]
[BlackElo "2047"]
[PlyCount "79"]
[EventDate "2010.05.13"]
[EventType "swiss"]
[EventCountry "AUT"]

1. d4 e6 2. Nf3 Nf6 3. Bg5 d5 4. e3 Be7 5. Nbd2 Nbd7 6. Bd3 O-O 7. O-O c5 8. c3
b6 9. Ne5 Bb7 10. Qf3 Nxe5 11. dxe5 Nd7 12. Qh3 g6 13. Bf4 Re8 14. Nf3 Nf8 15.
Bb5 Nd7 16. Bd3 f5 17. Qg3 a6 18. h4 Kg7 19. h5 Nf8 20. hxg6 hxg6 21. Ng5 Qd7
22. f3 Bxg5 23. Qxg5 Kg8 24. Kf2 Qg7 25. Qh4 Nd7 26. Rh1 Kf7 27. Qg3 Rh8 28. c4
g5 29. Bxg5 Qxe5 30. cxd5 Bxd5 31. b3 Qb2+ 32. Be2 Ne5 33. Rad1 Rxh1 34. Rxh1
Nd3+ 35. Kg1 Qa1+ 36. Bf1 Qe1 37. Qc7+ Kg8 38. Rh8+ Kxh8 39. Bf6+ Kg8 40. Qg7#
1-0

[Event "Stockerau-Open 2010 A-Turnier"]
[Site "Stockerau"]
[Date "2010.05.15"]
[Round "4"]
[White "Juenger, Heinz"]
[Black "Leupold, Christian"]
[Result "1/2-1/2"]
[WhiteElo "2086"]
[BlackElo "1876"]
[PlyCount "86"]
[EventDate "2010.05.13"]
[EventType "swiss"]
[EventCountry "AUT"]

1. e4 d5 2. exd5 Qxd5 3. Nc3 Qa5 4. d4 c6 5. Nf3 Nf6 6. Bc4 Bf5 7. Bd2 e6 8.
Nd5 Qd8 9. Nxf6+ gxf6 10. O-O Nd7 11. Re1 Qc7 12. Nh4 Bg6 13. a4 O-O-O 14. a5
Be7 15. g3 f5 16. Ng2 Nf6 17. Bf4 Bd6 18. Bg5 Be7 19. Bf4 Bd6 20. Bg5 Be7 21.
a6 b6 22. c3 Ne4 23. Bf4 Bd6 24. f3 Nf6 25. Bg5 Be7 26. Qe2 Nd5 27. Bd2 Bd6 28.
Bb3 Nf6 29. Bxe6+ fxe6 30. Qxe6+ Nd7 31. Bf4 Bxf4 32. Nxf4 Rhe8 33. Qb3 Nf8 34.
Kf2 Qf7 35. Qa4 Qd7 36. Qc4 Bf7 37. Qd3 Rxe1 38. Rxe1 Re8 39. Rxe8+ Bxe8 40. c4
Ng6 41. Qe3 Nxf4 42. Qxf4 Bf7 43. b3 Qe6 1/2-1/2

[Event "Stockerau-Open 2010 A-Turnier"]
[Site "Stockerau"]
[Date "2010.05.15"]
[Round "4"]
[White "Amberger, Dieter"]
[Black "Andrejevski, Branko"]
[Result "1-0"]
[WhiteElo "2063"]
[BlackElo "1833"]
[PlyCount "105"]
[EventDate "2010.05.13"]
[EventType "swiss"]
[EventCountry "AUT"]

1. d4 Nf6 2. c4 e6 3. Nc3 Bb4 4. Qc2 d5 5. cxd5 exd5 6. Bg5 Be7 7. e3 h6 8. Bh4
O-O 9. Bd3 Re8 10. Nf3 Na6 11. a3 c5 12. Bb5 Bd7 13. Qa4 Bxb5 14. Qxb5 cxd4 15.
Nxd4 Ne4 16. Bxe7 Qxe7 17. Nxd5 Qh4 18. O-O Nd6 19. Qb3 Nc5 20. Qd1 Rac8 21.
Rc1 Nce4 22. Rxc8 Rxc8 23. f3 Nc5 24. b4 Ne6 25. Nxe6 fxe6 26. Nf4 Qe7 27. Qb3
Kh7 28. Qd3+ Kg8 29. Ng6 Qf6 30. Qxd6 Qxg6 31. Rd1 Rc2 32. Rd2 Rxd2 33. Qxd2
Qb1+ 34. Kf2 Qb3 35. Qc1 b6 36. e4 a5 37. bxa5 bxa5 38. Qc8+ Kh7 39. Qc5 a4 40.
Kg3 Qb8+ 41. e5 Qb3 42. h4 Kg6 43. Kf4 Qb2 44. g4 Qh2+ 45. Ke4 Qxh4 46. Qb4 h5
47. Kd3 hxg4 48. Qxa4 Qd8+ 49. Ke3 Qb6+ 50. Kf4 gxf3 51. Qe4+ Kh6 52. Kxf3 Qb3+
53. Qe3+ 1-0

[Event "Stockerau-Open 2010 A-Turnier"]
[Site "Stockerau"]
[Date "2010.05.15"]
[Round "4"]
[White "Loberg, Jo Kristian"]
[Black "Halvorsen, Harald"]
[Result "1/2-1/2"]
[WhiteElo "1932"]
[BlackElo "1830"]
[PlyCount "163"]
[EventDate "2010.05.13"]
[EventType "swiss"]
[EventCountry "AUT"]

1. e4 c5 2. Nf3 d6 3. d4 cxd4 4. Nxd4 Nf6 5. Nc3 a6 6. Bg5 e6 7. f4 Nc6 8. e5
h6 9. Bh4 dxe5 10. Nxc6 Qxd1+ 11. Rxd1 bxc6 12. fxe5 Nd5 13. Ne4 Rb8 14. b3 Be7
15. Bxe7 Kxe7 16. c4 Nf4 17. Rd6 Ng6 18. Rxc6 Bb7 19. Rc7+ Kd8 20. Rxb7 Rxb7
21. Nd6 Rd7 22. c5 Nxe5 23. b4 Ra7 24. Be2 Ke7 25. O-O f6 26. a3 {remis} Rb8
27. Rc1 Nc6 28. g3 Nd4 29. Bf1 Nb5 30. Nc4 Rd8 31. a4 Nd4 32. Kf2 Nb3 33. Rc2
Nd4 34. Rb2 e5 35. Bg2 Ke6 36. Ne3 f5 37. Nc2 Nxc2 38. Rxc2 e4 39. c6 Kd6 40.
Bf1 Kc7 41. Ke3 Rd6 42. g4 fxg4 43. Bg2 Rxc6 44. Rxc6+ Kxc6 45. Bxe4+ Kd6 46.
Kf4 Rc7 47. Bd3 Rb7 48. b5 axb5 49. Bxb5 Ke6 50. Kxg4 Ke5 51. h3 Rb6 52. Kf3
Rf6+ 53. Kg4 Rf4+ 54. Kg3 Rb4 55. Bd7 Rb3+ 56. Kg4 Ra3 57. Bb5 g6 58. Be8 Kf6
59. Bd7 Rd3 60. Bb5 Rd4+ 61. Kg3 Rb4 62. Kf3 Ke5 63. Be8 Kf5 64. Bd7+ Kg5 65.
Be8 Rb3+ 66. Kg2 Kf5 67. Bd7+ Kf4 68. Be8 g5 69. Bd7 Rb2+ 70. Kf1 Kg3 71. Bg4
Ra2 72. Bd7 h5 73. Ke1 g4 74. hxg4 hxg4 75. Kf1 Kf3 76. Bc6+ Ke3 77. Bd7 g3 78.
Bc6 Rc2 79. Bb7 Ra2 80. Bc6 Kf4 81. Kg1 Kg4 82. Bd7+ 1/2-1/2

[Event "Stockerau-Open 2010 A-Turnier"]
[Site "Stockerau"]
[Date "2010.05.15"]
[Round "4"]
[White "Fugger, Christian"]
[Black "Lahofer, Christian"]
[Result "1-0"]
[WhiteElo "1764"]
[BlackElo "1836"]
[PlyCount "75"]
[EventDate "2010.05.13"]
[EventType "swiss"]
[EventCountry "AUT"]

1. d4 d5 2. c4 e6 3. Nc3 Nf6 4. Bg5 Be7 5. e3 Nbd7 6. Nf3 h6 7. Bh4 O-O 8. Rc1
b6 9. cxd5 exd5 10. Bd3 Bb7 11. O-O c5 12. Qe2 Ne4 13. Bxe7 Qxe7 14. dxc5 Ndxc5
15. Bb1 Ba6 16. Nb5 Qd7 17. Nfd4 Bxb5 18. Qxb5 Qxb5 19. Nxb5 Rfd8 20. b4 Ne6
21. Rfd1 a6 22. Nc7 Nxc7 23. Rxc7 Rdc8 24. Rdc1 Rxc7 25. Rxc7 a5 26. b5 Nc5 27.
Rc6 Rb8 28. f3 Kf8 29. Rd6 Na4 30. Bc2 Nc3 31. a4 Rc8 32. Bb3 Ke7 33. Rxb6 d4
34. Rb7+ Kd6 35. exd4 Ne2+ 36. Kf2 Nxd4 37. Bxf7 Rc3 38. Ra7 1-0

[Event "Stockerau-Open 2010 A-Turnier"]
[Site "Stockerau"]
[Date "2010.05.15"]
[Round "4"]
[White "Rauch, Christian"]
[Black "Kirchmayr, Wilhelm"]
[Result "0-1"]
[WhiteElo "1920"]
[BlackElo "2077"]
[PlyCount "54"]
[EventDate "2010.05.13"]
[EventType "swiss"]
[EventCountry "AUT"]

1. d4 Nf6 2. Nf3 b6 3. e3 Bb7 4. Bd3 c5 5. Nbd2 Nc6 6. c3 g6 7. O-O Bg7 8. Re1
O-O 9. e4 d6 10. Qe2 cxd4 11. cxd4 Nb4 12. a3 Nxd3 13. Qxd3 Rc8 14. Nb1 Bxe4
15. Qe3 Bb7 16. Nc3 e6 17. Qf4 Nd5 18. Nxd5 Bxd5 19. Be3 Rc4 20. Rac1 b5 21.
Nd2 Rxc1 22. Rxc1 Qd7 23. h4 e5 24. dxe5 Bxe5 25. Qb4 Rc8 26. Rd1 a5 27. Qxa5
Bxg2 0-1

[Event "Stockerau-Open 2010 A-Turnier"]
[Site "Stockerau"]
[Date "2010.05.15"]
[Round "4"]
[White "Stanivukovic, Drago"]
[Black "Granabetter, Josef"]
[Result "1-0"]
[WhiteElo "2045"]
[BlackElo "1988"]
[PlyCount "79"]
[EventDate "2010.05.13"]
[EventType "swiss"]
[EventCountry "AUT"]

1. Nf3 Nf6 2. d4 c5 3. d5 e6 4. c4 exd5 5. cxd5 d6 6. Nc3 g6 7. e4 Bg7 8. Bb5+
Bd7 9. O-O a6 10. Bd3 O-O 11. Bg5 Bg4 12. h3 Bxf3 13. Qxf3 Nbd7 14. Qe2 b5 15.
f4 Qb6 16. Kh2 Rae8 17. Qf3 h6 18. Bh4 Nh5 19. Kh1 c4 20. Bc2 b4 21. Na4 Qc7
22. g4 Nhf6 23. Rae1 Nh7 24. Bg3 g5 25. e5 gxf4 26. exd6 Qd8 27. Bxf4 Ndf6 28.
Nc5 Rxe1 29. Rxe1 Qa5 30. Bxh7+ Kxh7 31. Qf2 Qxa2 32. Bxh6 c3 33. Qf5+ Kg8 34.
Bxg7 Kxg7 35. Qg5+ Kh7 36. Qxf6 Qxd5+ 37. Ne4 Qc6 38. Kh2 c2 39. Ng5+ Kg8 40.
Qh6 1-0

[Event "Stockerau-Open 2010 A-Turnier"]
[Site "Stockerau"]
[Date "2010.05.16"]
[Round "5"]
[White "Groetz, Harald"]
[Black "Polak, Thomas"]
[Result "1/2-1/2"]
[WhiteElo "2332"]
[BlackElo "2500"]
[PlyCount "30"]
[EventDate "2010.05.13"]
[EventType "swiss"]
[EventCountry "AUT"]

1. e4 e5 2. Nf3 Nf6 3. Nxe5 d6 4. Nf3 Nxe4 5. d4 d5 6. Bd3 Nc6 7. O-O Be7 8. c4
Nb4 9. Be2 O-O 10. Nc3 Bf5 11. a3 Nxc3 12. bxc3 Nc6 13. Re1 Re8 14. Bf4 Rc8 15.
cxd5 Qxd5 1/2-1/2

[Event "Stockerau-Open 2010 A-Turnier"]
[Site "Stockerau"]
[Date "2010.05.16"]
[Round "5"]
[White "Schirmbeck, Hannes"]
[Black "Wallner, Joachim"]
[Result "1/2-1/2"]
[WhiteElo "2176"]
[BlackElo "2255"]
[PlyCount "36"]
[EventDate "2010.05.13"]
[EventType "swiss"]
[EventCountry "AUT"]

1. Nf3 Nf6 2. c4 b6 3. g3 Bb7 4. Bg2 e6 5. O-O Be7 6. Nc3 O-O 7. d4 d6 8. Qd3
Nbd7 9. Rd1 d5 10. cxd5 exd5 11. Ne5 c6 12. Nxd7 Qxd7 13. Bg5 {remis} Rad8 14.
Rac1 Rfe8 15. a3 h6 16. Bxf6 Bxf6 17. e3 Re7 18. Rc2 g6 1/2-1/2

[Event "Stockerau-Open 2010 A-Turnier"]
[Site "Stockerau"]
[Date "2010.05.16"]
[Round "5"]
[White "Zetthofer, Gerald"]
[Black "Schmid, Thomas"]
[Result "0-1"]
[WhiteElo "2249"]
[BlackElo "2170"]
[PlyCount "42"]
[EventDate "2010.05.13"]
[EventType "swiss"]
[EventCountry "AUT"]

1. c4 Nf6 2. Nc3 g6 3. d4 Bg7 4. g3 O-O 5. Bg2 d6 6. Nf3 Nbd7 7. O-O e5 8. h3
c6 9. Be3 e4 10. Nd2 d5 11. b4 Re8 12. Qb3 Nf8 13. c5 Ne6 14. Qc2 Nh5 15. Nb3
f5 16. Qd2 Rf8 17. Bf4 Nhxf4 18. gxf4 Qh4 19. e3 g5 20. f3 gxf4 21. fxe4 fxe3
0-1

[Event "Stockerau-Open 2010 A-Turnier"]
[Site "Stockerau"]
[Date "2010.05.16"]
[Round "5"]
[White "Trkulja, Zoran"]
[Black "Sadilek, Maximilian"]
[Result "1-0"]
[WhiteElo "2212"]
[BlackElo "2207"]
[PlyCount "81"]
[EventDate "2010.05.13"]
[EventType "swiss"]
[EventCountry "AUT"]

1. e4 g6 2. h4 d5 3. exd5 Nf6 4. Nc3 Nxd5 5. Bc4 Nf6 6. d4 Bg7 7. Bg5 h6 8. Be3
c6 9. Nf3 Nd5 10. Qd2 Be6 11. Be2 Nxe3 12. fxe3 Nd7 13. e4 Bg4 14. O-O-O Qa5
15. Kb1 O-O-O 16. Qe3 Rhf8 17. Nd2 Bxe2 18. Nxe2 e5 19. d5 cxd5 20. exd5 Qc5
21. Qb3 Nb6 22. c4 Kb8 23. Nc3 f5 24. Na4 Nxa4 25. Qxa4 e4 26. Nb3 Qf2 27. Rd2
Qf4 28. Qb4 e3 29. Rc2 Rf7 30. Qb5 Qe5 31. Nc5 f4 32. Nd3 Qf5 33. Nb4 Ka8 34.
c5 f3 35. gxf3 Qxf3 36. Re1 Bf8 37. Rce2 Qf5+ 38. Ka1 Re7 39. a3 Qf4 40. d6 Re5
41. Nd3 1-0

[Event "Stockerau-Open 2010 A-Turnier"]
[Site "Stockerau"]
[Date "2010.05.16"]
[Round "5"]
[White "Batyte, Daiva"]
[Black "Molnar, Attila"]
[Result "1-0"]
[WhiteElo "2124"]
[BlackElo "2084"]
[PlyCount "97"]
[EventDate "2010.05.13"]
[EventType "swiss"]
[EventCountry "AUT"]

1. c4 e5 2. Nc3 Nc6 3. g3 g6 4. Bg2 Bg7 5. e3 d6 6. Nge2 Be6 7. d3 Qd7 8. Qb3
Rb8 9. Nd5 Nd8 10. Qa3 Qc8 11. Qa5 Bxd5 12. cxd5 Nf6 13. Bd2 O-O 14. O-O b6 15.
Qa4 Qb7 16. e4 c5 17. b4 Qd7 18. Qa3 Ne8 19. Rab1 Ra8 20. bxc5 dxc5 21. Rxb6
axb6 22. Qxa8 Nd6 23. Qa3 N8b7 24. Rb1 b5 25. Be3 Qc8 26. Rc1 b4 27. Qb3 Re8
28. a3 bxa3 29. Qxa3 Nb5 30. Qa4 Nd4 31. Nxd4 exd4 32. Bf4 Qa8 33. Qb5 Bf8 34.
e5 g5 35. Bxg5 Rxe5 36. Bf4 Re2 37. Bf3 Ra2 38. d6 Nxd6 39. Qb1 Qa6 40. Bd5 Ra3
41. Qb8 Rxd3 42. Qd8 Qc8 43. Qf6 Qf5 44. Bxf7+ Nxf7 45. Qxf5 Rc3 46. Re1 d3 47.
Re8 Rc4 48. Bh6 Rc1+ 49. Kg2 1-0

[Event "Stockerau-Open 2010 A-Turnier"]
[Site "Stockerau"]
[Date "2010.05.16"]
[Round "5"]
[White "Amberger, Dieter"]
[Black "Juenger, Heinz"]
[Result "0-1"]
[WhiteElo "2063"]
[BlackElo "2086"]
[PlyCount "76"]
[EventDate "2010.05.13"]
[EventType "swiss"]
[EventCountry "AUT"]

1. d4 Nf6 2. c4 g6 3. Nc3 d5 4. cxd5 Nxd5 5. e4 Nxc3 6. bxc3 Bg7 7. Be3 c5 8.
Qd2 Qa5 9. Nf3 Nc6 10. Rc1 cxd4 11. cxd4 Qxd2+ 12. Kxd2 O-O 13. d5 Rd8 14. Bc4
Na5 15. Bd3 e6 16. dxe6 Bxe6 17. Ke2 Bxa2 18. Rc7 b6 19. Rhc1 Nb3 20. R1c4 Nc5
21. Bxc5 Bxc4 22. Bxc4 bxc5 23. Bxf7+ Kh8 24. Rxc5 Rac8 25. Rxc8 Rxc8 26. Kd3
Rc3+ 27. Kd2 Rc5 28. h4 Bf6 29. g4 Kg7 30. Bd5 h6 31. g5 hxg5 32. Nxg5 Bxg5+
33. hxg5 a5 34. f4 a4 35. Kd3 a3 36. Bb3 Kf8 37. Kd4 Ra5 38. Ba2 Rb5 0-1

[Event "Stockerau-Open 2010 A-Turnier"]
[Site "Stockerau"]
[Date "2010.05.16"]
[Round "5"]
[White "Lahofer, Christian"]
[Black "Stanivukovic, Drago"]
[Result "1-0"]
[WhiteElo "1836"]
[BlackElo "2045"]
[PlyCount "68"]
[EventDate "2010.05.13"]
[EventType "swiss"]
[EventCountry "AUT"]

1. d4 c5 2. d5 d6 3. c4 e5 4. Nc3 g6 5. Nf3 f5 6. e4 Nf6 7. Bd3 f4 8. g3 Bh6 9.
gxf4 exf4 10. Qc2 g5 11. e5 dxe5 12. Nxe5 Qe7 13. Qe2 g4 14. d6 Qe6 15. Bf5
Qxf5 16. Nxg4+ Qe6 17. Nxf6+ Kd8 18. Qxe6 Bxe6 19. Nfd5 Bxd5 20. Nxd5 Re8+ 21.
Kf1 Na6 22. Bxf4 Bxf4 23. Nxf4 Re4 24. Rg1 Kd7 25. Rg7+ Kc6 26. Nd3 Rd8 27. Re1
Rxe1+ 28. Kxe1 Re8+ 29. Kd2 h5 30. d7 Rf8 31. Ne5+ Kd6 32. d8=Q+ Rxd8 33. Nf7+
Ke7+ 34. Nxd8+ Kxd8 1-0